[Event "Olomouc AZ Sanace Cup"]
[Site "Olomouc"]
[Date "1998.08.14"]
[Round "7"]
[White "Mirumian, Vigen"]
[Black "Oral, Tomas"]
[Result "0-1"]
[WhiteElo "2470"]
[BlackElo "2510"]
[Annotator "Ribli,Z"]
[PlyCount "100"]
[EventDate "1998.08.08"]
[EventType "tourn"]
[EventRounds "9"]
[EventCountry "CZE"]
[EventCategory "10"]
[SourceTitle "CBM 067"]
[Source "ChessBase"]
[SourceDate "1998.11.30"]
[SourceVersion "2"]
[SourceVersionDate "1998.11.01"]
[SourceQuality "1"]

{[%mdl 64]} 1. Nf3 g6 2. c4 Bg7 3. Nc3 e5 4. g3 Nc6 5. Bg2 d6 6. O-O f5 {
Jetzt haben wir eigentlich die geschlossene Variante der Sizilianischen
Verteidigung mit vertauschten Farben. Ribli.} (6... Nf6 {Das ist für Schwarz
auch gut spielbar, aber meines Erachtens sollte man in solchen Stellungen -
wie in der Partie - mit ...f7-f5 spielen.} 7. d3 O-O 8. Rb1 a5 9. a3) 7. d3 h6
8. Rb1 a5 {Es ist notwenig für Schwarz 9.b4 zu verhindern. So bekommt er
mindestens eine offene Linie.} 9. a3 Nf6 10. b4 axb4 11. axb4 O-O 12. b5 Ne7 {
Das ist die Grundstellung der Variante. Weiß hat Raumvorteil am Damenflügel,
während der Schwarze sein Glück am Königsflügel sucht.} 13. Bb2 (13. Qb3 {
[%csl Gb3][%cal Rb3g8]} Be6 14. Nd2 c6 $13) (13. c5 Be6 14. b6 c6 $13) 13...
Be6 14. Ra1 Rc8 (14... Rb8 15. Qc2 g5 16. Nd2 Nd7 17. Ra7 Nc5 18. Nb3 Nxb3 19.
Qxb3 Qc8 20. Nd5 Nxd5 21. cxd5 Bf7 22. Qc4 Qd7 23. Rc1 Rfc8 24. Bc3 $14 {
Hickl,J-Klovans,L/Berlin 1992}) (14... Qd7 $5 15. Rxa8 Rxa8 16. Qb3 Ra5 (16...
Kh7 $5 $11) 17. Ra1 Rxa1+ 18. Bxa1 b6 19. Qa4 g5 $11) (14... Rxa1 {Das ist
meines Erachtens ein prinzipieller Fehler. Weiß erlangt jetzt einen kleinen,
aber dauerhaften, Vorteil durch die offene a-Linie.} 15. Qxa1 Nd7 16. Nd2 Nc5
17. Na4 Nxa4 18. Qxa4 $14) 15. Ra7 (15. c5 Nd7 16. cxd6 cxd6 17. Na4 d5 18. Nd2
Qe8 19. e3 g5 20. Qe2 Qf7 21. f4 Ng6 22. fxe5 Ndxe5 23. Nf3 Nxf3+ 24. Bxf3 Bxb2
25. Qxb2 f4 $36 {0-1 Ivanchuk,V-Topalov,V/Wijkaa n Zee 1996 (40)}) (15. Ne1 b6
16. Nc2 g5 (16... d5 17. cxd5 Nfxd5 18. Nxd5 Nxd5 19. Ra7 Qd7 20. Qa1 Qxb5 21.
Bxe5 Bxe5 22. Qxe5 Bf7 23. Qa1 Qc5 24. Nd4 Nc3 25. e3 Nb5 26. Rc1 Qxc1+ 27.
Qxc1 Nxa7 28. Qa1 c5 29. Nxf5 gxf5 30. Qxa7 c4 31. dxc4 Rxc4 32. h4 {1-0
Schneider,B-Neurohr,S/BL 8889 (45)}) 17. Nb4 f4 18. d4 fxg3 19. fxg3 exd4 20.
Ncd5 {1/2-1/2 Jackelen,T-Kindermann,S/Bl 9293 (30)}) 15... b6 {[%csl Ga7][%cal
Gg2a8,Ga7h7] Weiß steht etwas aktiver, hat aber am Damenflügel noch keine
konkreten Drohungen.} 16. Ne1 (16. Qb3 g5 17. Nd2 f4 (17... h5 18. Rfa1 h4 19.
Ra8 g4 20. Rxc8 Nxc8 21. e3 Ne7 22. Ra8 Qd7 23. Rxf8+ Kxf8 24. Bb7 Qe8 25. Kf1
Nd7 26. Ba3 Bg8 27. Bb4 f4 28. gxf4 exf4 29. exf4 Bh6 30. Ne2 Ng6 31. Qa3 Be6
32. Ne4 {1-0 Hickl,J-Hodgson,J/Bern 1996 (51)}) 18. Rfa1 Nf5 19. Nd5 fxg3 20.
hxg3 Ng4 21. Ne4 Nd4 22. Bxd4 exd4 23. Bh3 Kh8 24. f3 Bxd5 25. Bxg4 Bxe4 26.
dxe4 Rb8 27. Qd3 Qe7 28. Kg2 Be5 29. Rh1 Kg7 30. Bf5 Ra8 31. Ra6 Rh8 32. Bg4
Qf7 33. Bh5 Qe7 34. Bg4 Qf7 35. Bh5 Qe7 {1/2-1/2 Hickl,J-Mohr,S/BL 9495 (34)})
(16. Qc2 $5) 16... g5 (16... d5 17. cxd5 Nfxd5 18. Nc2 Nxc3 19. Bxc3 Nd5 20.
Bb2 Re8 21. Qa1 Qd7 22. e4 Ne7 23. Bxe5 Bxe5 24. Qxe5 Bf7 25. Ne3 Qxd3 26. Qf6
Qxb5 27. e5 $36 {1-0 Karlsson,L-Yrjola,J Tallin 1987 (57)}) 17. Nc2 (17. f4 $5
{Dieser radikale Versuch, den schwarzen Angriff am Königsflügel zu stoppen,
schwächt etwas die weiße Königsstellung.} exf4 18. gxf4 Ng4 (18... gxf4 19.
Rxf4 Ng6 $13) 19. Nc2 $13) 17... f4 $13 {Schwarz spielt mit diesem Zug auf
sofortigen Angriff, gibt dabei die Kontrolle über das Feld e4 auf.} (17... Qd7
18. Nb4 f4 19. Nc6 Nxc6 20. bxc6 Qf7 21. Ne4 Qh5 22. Nxf6+ Bxf6 23. e3 Bg4 24.
Bd5+ Kh8 25. f3 Bh3 26. Re1 fxg3 27. hxg3 Bf5 28. g4 Qh3 29. Re2 Bh7 30. Rh2
Qg3+ 31. Rg2 Qh3 32. Rh2 Qg3+ 33. Rg2 Qh3 {1/2-1/2 Foisor,O-Colas,R/Zaragoza
1992 (33)}) 18. Nb4 Qe8 (18... Qd7 $5) 19. Ne4 (19. e3 $5 Ng6 (19... Bg4 20. f3
Bf5 21. exf4 gxf4 (21... exf4 22. gxf4 (22. g4) 22... gxf4 23. Re1 $14 {
[%cal Ge1e8]}) 22. gxf4 exf4 23. Re1 $14) 20. Ncd5 Nxd5 21. Nxd5 $14 {[%csl
Gd5]}) 19... Nxe4 20. Bxe4 Bh3 $40 21. Na6 $5 {[%csl Rc7] Das letzte Glied der
schwarzen Bauernkette ist schwach. Weiß opfert die Qualität, um so die
Kontrolle über die weißen Felder zu erlangen.} (21. Bg2 Qh5 $40 {[%csl Rg1,Gh3,
Gh5][%cal Gf8f1]}) 21... Nf5 {[%cal Gf5g3]} (21... Bxf1 22. Qxf1 $14 {[%csl
Ga6,Ga7,Ge4] Der weiße Läufer e4 ist wertvoller als ein Turm.}) 22. Re1 (22.
Rxc7 Bxf1 23. Qxf1 fxg3 24. hxg3 Nxg3 $17 {[%cal Gf8f1]}) (22. Bxf5 Rxf5 $40 {
[%csl Gh3] Der schwarze Angriff gewinnt an Kraft, wenn der weißfeldrige Läufer
des Anziehenden fehlt.}) (22. Nxc7 Qe7 {[%csl Ra7,Rc7][%cal Ge7a7]}) 22... Kh8
{Dieser prophylaktische Zug ist in solchen Stellungen stets nützlich.} 23. e3 (
23. Rxc7 $5 Rxc7 24. Nxc7 Qf7 {Schwarz scheint entscheidenden Angriff über die
f-Liunie zu haben, aber es ist keine konkrete Entscheidung in Sicht.} 25. Nd5
fxg3 26. hxg3 Nxg3 27. fxg3 Qf2+ 28. Kh1 {und Weiß wehrt den Angriff ab.}) (23.
Nxc7 Qe7 {[%csl Ra7,Rc7][%cal Re7a7]}) 23... fxe3 24. fxe3 Qf7 $15 {[%csl Gf5,
Rg1,Gh3][%cal Gf8f1] Schwarz entfaltet sehr unangenehmen Druck in der f-Linie
und Weiß muß vorsichtig sein, die sofortige Mattdrohungen parieren.} 25. Qf3 (
25. Qd2 Nxe3 $1 26. Qxe3 Qf1+ 27. Rxf1 Rxf1#) (25. Qe2 Nxe3 $17) (25. Bd5 Nxe3
26. Bxf7 Nxd1 27. Rxd1 Rxf7 $17 {[%csl Rg1][%cal Rc8f8,Rf8f1]}) (25. Bc1) (25.
Bg2 Nxe3 26. Rxe3 Qf2+ $19) {[#]} 25... Nxe3 $1 26. Rxe3 (26. Qxe3 Qf1+ 27.
Rxf1 Rxf1#) 26... Qh5 $1 {Ein schönes "Damenopfer". Natürlich kann Weiß es
nicht annehmen, sodaß Schwarz die Dame für Turm und Springer gewinnt.} 27. Rxc7
(27. Qxh5 Rf1#) 27... Rxf3 28. Rxc8+ Bxc8 29. Rxf3 (29. Bxf3 g4 30. Bd5 Bf6)
29... Bg4 $17 {[%csl Ra6,Ge4,Rg7] Schwarz hat Materialvorteil, aber sein
Läufer g7 ist noch ein Sorgenkind. Die weiße Stellung ist zwar fest, aber mit
gutem Spiel wird sich der Materialvorteil früher oder später entscheidend
bemerkbar machen.} 30. Rf2 Be6 31. Bf3 (31. Nc7 Bh3 32. Bf3 g4 33. Bg2 $17)
31... g4 32. Be4 Qg5 33. Nb4 (33. Nc7 Bg8 $17) 33... Bg8 34. Kg2 Bh7 35. Nd5 (
35. Bxh7 Kxh7 36. Nd5 Qg6 $17 {[%csl Rd3,Gg6][%cal Rg6d3]}) 35... h5 36. Ba3 {
Weiß muß mit seinem Springer auf d5 bleiben, sonst dringt die schwarze Dame
entscheidend auf e3 ein.} (36. Nxb6 Bxe4+ 37. dxe4 Qe3 $17 {[%cal Re3b6,Re3e4]}
) (36. Bxh7 Kxh7 37. Nxb6 Qe3 $17 {[%cal Re3b6,Re3d3]}) 36... h4 37. gxh4 (37.
Bxd6 Bxe4+ 38. dxe4 Qg6 $17 {[%csl Re4,Rg2,Gg6,Gh4][%cal Rg6d6,Rg6e4]}) 37...
Qxh4 38. Bxd6 Qh3+ (38... g3 {Dieser Zug ist vielleicht auch gut, aber in der
Partie erreicht Schwarz ähnliche Angriffschancen, ohne den Bauern zu opfern.}
39. hxg3 Bxe4+ 40. dxe4 Qxe4+ 41. Kg1 Qxc4 $17) 39. Kg1 Bxe4 40. dxe4 Qd3 41.
c5 (41. Bc7 Qxc4 42. Bxb6 Qxb5 (42... Qxe4 $17)) 41... bxc5 42. b6 Qxe4 {
Der weiße Freibauer ist nur auf den ersten Blick gefährlich.} 43. Nc3 (43. b7
Qb1+ {[%cal Rb1b7,Rb1g1]} 44. Rf1 Qxb7 $19) 43... Qc6 {[%csl Gc6]} 44. Bc7 e4 {
[%csl Gg7][%cal Rg7c3,Rd4g1] Der schwarze Königsläufer kommt ins Spiel.} 45.
Ne2 Qb5 (45... e3 46. Rf4 Qd5 47. Rxg4 Qd1+ $17) 46. Rg2 Bd4+ $19 47. Nxd4 (47.
Kh1 Qb1+ 48. Ng1 e3 $19) 47... cxd4 {[%csl Gb5,Gd4,Ge4,Rg1,Rg2] Dank der
beiden verbundenen Freibauern steht Schwarz auf Gewinn.} 48. Rxg4 d3 {[%csl
Gd3]} 49. Rxe4 d2 50. Be5+ (50. Rd4 Qc5 $19 {[%cal Rc5g1]}) 50... Kh7 {Und
Weiß gab auf.} (50... Kh7 51. Rd4 Qxe5 52. Rxd2 Qe1+ $19) 0-1

[Event "Voskresensk"]
[Site "Voskresensk"]
[Date "1990.??.??"]
[Round "?"]
[White "Barle, Janez"]
[Black "Vasiukov, Evgeni"]
[Result "1/2-1/2"]
[WhiteElo "2430"]
[BlackElo "2545"]
[Annotator "Ribli,Z"]
[PlyCount "81"]
[EventDate "1990.07.??"]
[EventType "tourn"]
[EventRounds "11"]
[EventCountry "URS"]
[EventCategory "9"]
[SourceTitle "CBM 019"]
[Source "ChessBase"]
[SourceDate "1990.12.01"]
[SourceVersion "1"]
[SourceVersionDate "1990.12.01"]
[SourceQuality "1"]

1. Nf3 f5 2. g3 Nf6 3. Bg2 d6 4. O-O e5 5. c4 g6 6. d3 Bg7 7. Nc3 Nc6 8. Bg5 (
8. Nd5 Ne7 9. e4 O-O 10. Re1 c5 11. Nxe7+ Qxe7 12. exf5 gxf5 13. d4 e4 14. dxc5
dxc5 15. Bf4 Rd8 16. Qc1 $13 {Miralles,G-Tal,M Cannes 1989 CBM 11}) 8... h6 9.
Bxf6 Qxf6 10. Nd2 (10. Nd5 Qf7 11. b4 O-O 12. Nd2 Nd4 13. e3 Ne6 $10 {
Liebert-Uhlmann Leipzig 1965}) 10... O-O 11. e3 Qd8 12. f4 Nb4 13. Nf3 c6 14.
d4 e4 15. Ne1 Be6 16. a3 Na6 17. Qa4 c5 18. d5 Bd7 19. Qd1 Bxc3 $5 20. bxc3 Qa5
21. Qd2 b5 $1 22. cxb5 Bxb5 23. Rf2 Nc7 24. g4 Rae8 (24... Bc4 $5) 25. Bh3 fxg4
26. Bxg4 Bc4 27. Rg2 Kh7 (27... Kh8) 28. f5 g5 29. h4 gxh4 30. Bh5 Re7 31. Bg6+
Kh8 32. Qf2 Qxc3 33. Qf4 Qg7 34. Bf7 Rexf7 (34... Qxf7 $4 35. Qxh6+ Qh7 36.
Qxf8+ $18) 35. Rxg7 Rxg7+ 36. Kh2 Nxd5 37. Qxh6+ Kg8 38. Qe6+ Kh8 39. Qh6+ Kg8
40. Qe6+ Kh8 41. Qh6+ {Ribli} 1/2-1/2

[Event "Groningen"]
[Site "Groningen"]
[Date "1989.??.??"]
[Round "?"]
[White "Azmaiparashvili, Zurab"]
[Black "Hellers, Ferdinand"]
[Result "1/2-1/2"]
[WhiteElo "2575"]
[BlackElo "2560"]
[Annotator "Ribli,Z"]
[PlyCount "46"]
[EventDate "1989.12.??"]
[EventType "tourn"]
[EventRounds "9"]
[EventCountry "NED"]
[EventCategory "11"]
[SourceTitle "CBM 016"]
[Source "ChessBase"]
[SourceDate "1990.06.01"]
[SourceVersion "1"]
[SourceVersionDate "1990.06.01"]
[SourceQuality "1"]

1. c4 e5 2. Nc3 Nc6 3. g3 g6 4. Bg2 Bg7 5. Rb1 a5 6. a3 Nf6 7. b4 axb4 8. axb4
d6 (8... O-O $5 9. d3 {9.b5!?} Ne7 10. Qb3 c6 {10...Re8 11.Nf5,d5!  
Ribli-Balasov  Leipzig 1973} 11. Nf3 d5 12. Nxe5 Be6 {/\ Nd8-d6 ~/= 
Pigusov-Balasov Irkutsk 1986 42/23}) 9. b5 Ne7 10. Nf3 O-O 11. O-O h6 12. d3 {
-> A 26} Be6 13. Bd2 Qd7 14. b6 {14.Qc1,Kh7 15.c5,Nfd5 =  Kestler-Popov  Nice
olm 1974} c6 15. c5 Rfd8 16. cxd6 Qxd6 17. Na4 Nd7 {=} 18. Qc2 Qa3 19. Nc3 Ra6
20. Bc1 Qa5 21. Bd2 Qa3 22. Bc1 Qa5 23. Bd2 Qa3 1/2-1/2

[Event "Kurgan"]
[Site "Kurgan"]
[Date "1994.??.??"]
[Round "1"]
[White "Obukhov, Alexander"]
[Black "Pospelov, Evgeny"]
[Result "1/2-1/2"]
[WhiteElo "2445"]
[BlackElo "2385"]
[Annotator "Ribli,Z"]
[PlyCount "82"]
[EventDate "1994.??.??"]
[EventType "tourn"]
[EventRounds "11"]
[EventCountry "RUS"]
[EventCategory "8"]
[SourceTitle "CBM 043"]
[Source "ChessBase"]
[SourceDate "1994.12.01"]
[SourceVersion "1"]
[SourceVersionDate "1994.12.01"]
[SourceQuality "1"]

1. c4 Nf6 2. g3 g6 3. Bg2 Bg7 4. Nc3 O-O 5. e4 d6 6. Nge2 e5 7. O-O Be6 (7...
c6 8. d3 (8. d4 $5) 8... a6 9. h3 b5 10. Be3 Nbd7 11. a3 Bb7 $13 {Ilinsky,
V-Ghinda,M/Budapest Spring op/1990/EXP17/}) 8. d3 Qd7 9. f4 Bh3 (9... c6 10.
Kh1 Bh3 11. f5 Bxg2+ 12. Kxg2 Na6 13. h3 d5 14. cxd5 cxd5 15. Bg5 $1 $14 {
Ivkov,B-Minic,D/Jugoslavia/1966/INF01,30/}) 10. f5 Bxg2 11. Kxg2 Nc6 12. Nd5 (
12. Bg5 $5 $14) 12... gxf5 $5 13. Nxf6+ Bxf6 14. Bh6 (14. Rxf5 Bg7 15. Bg5 f6
16. Bh4 Ne7 17. Rf3 Ng6 18. Qf1 $13 Qg4 $6 19. Kh1 Nxh4 20. gxh4 Qxh4 21. Ng3
$16) 14... Bg7 15. Bxg7 Kxg7 16. Qd2 f6 17. Rxf5 Ne7 18. Rh5 Kh8 (18... Ng8 19.
Rf1 $14) 19. Qh6 (19. Rf1 $5) 19... Ng8 20. Qg6 Qg7 21. Qxg7+ Kxg7 22. Rf5 (22.
Rf1 Ne7 $13) 22... Ne7 23. Rf3 f5 24. exf5 Rxf5 25. Raf1 Raf8 26. g4 Rxf3 27.
Rxf3 Rxf3 28. Kxf3 c6 $10 29. h4 h6 30. Ng3 d5 31. g5 (31. cxd5 cxd5 32. Nf5+
$2 Nxf5 33. gxf5 Kf6 34. Kg4 h5+ 35. Kxh5 Kxf5 $19) 31... hxg5 32. hxg5 b5 33.
cxb5 cxb5 34. Kg4 Kg6 35. a3 a5 36. Ne2 b4 37. axb4 axb4 38. Ng1 Nf5 39. Nf3
Ne3+ 40. Kh4 Nf5+ 41. Kg4 Ne3+ 1/2-1/2

[Event "Budapest FS02 GM"]
[Site "Budapest"]
[Date "1994.??.??"]
[Round "12"]
[White "Bezold, Michael"]
[Black "Lingnau, Carsten"]
[Result "1-0"]
[WhiteElo "2515"]
[BlackElo "2395"]
[Annotator "Ribli,Z"]
[PlyCount "129"]
[EventDate "1994.02.??"]
[EventType "tourn"]
[EventRounds "13"]
[EventCountry "HUN"]
[EventCategory "9"]
[SourceTitle "CBM 040"]
[Source "ChessBase"]
[SourceDate "1994.06.01"]
[SourceVersion "1"]
[SourceVersionDate "1994.06.01"]
[SourceQuality "1"]

1. c4 g6 2. g3 Bg7 3. Bg2 Nf6 4. Nc3 O-O 5. Nf3 d6 6. O-O Nc6 7. Rb1 e5 8. d3
a5 9. a3 h6 10. b4 axb4 11. axb4 Be6 12. Nd2 Rb8 $6 (12... d5 $5 {Rotstein,
A-Reinderman,D/Wijk op/1993/}) 13. Nd5 Nd4 (13... Ne7 $5) 14. e3 Nf5 15. b5 h5
(15... c6 $2 16. bxc6 bxc6 17. Rxb8 Qxb8 18. Nxf6+ Bxf6 19. Bxc6 $16) 16. Nb3
h4 17. e4 Ne7 18. d4 (18. Bg5 $5) 18... c6 19. Ne3 $5 (19. Nxf6+ Bxf6 20. d5
cxd5 21. cxd5 Bd7 $13) 19... cxb5 20. dxe5 dxe5 21. Ba3 Re8 (21... bxc4 22.
Qxd8 Rfxd8 23. Bxe7 cxb3 24. Bxd8 Rxd8 25. Nd5 $1 $16) 22. cxb5 Bh6 $6 (22...
Qxd1 23. Rfxd1 $14) 23. Bd6 Bxe3 24. fxe3 Ng4 25. Bxb8 Qxb8 26. Qe2 $6 (26. Qf3
$1) 26... hxg3 27. h3 (27. hxg3 $5 Qa7 28. b6 $1 $14) 27... Nf2 28. Qf3 Bc4 29.
Rfe1 Bd3 30. Ra1 Bxb5 31. Ra5 $1 Bc6 32. Qxg3 Nxe4 33. Qxe5 Qxe5 34. Rxe5 Nf6
35. Bxc6 Nxc6 36. Rxe8+ Nxe8 37. Nc5 b6 38. Nd7 b5 39. Rc1 Ne7 40. e4 Kg7 41.
Rb1 Nc7 42. Kf2 Ng8 43. Ke3 Nf6 44. Nxf6 Kxf6 45. Rc1 Ne6 46. Rc8 Ke5 47. Rb8
Nd4 48. Rc8 Ne6 49. h4 f5 50. Rg8 Nf4 51. exf5 Nd5+ (51... gxf5 52. Re8+ Ne6
53. h5 Kf6 54. h6 Ng5 55. Rg8 $18) 52. Kf3 Kxf5 53. Rf8+ Nf6 54. Rb8 Nd7 55.
Rxb5+ Ne5+ 56. Ke3 Kf6 57. Ke4 Nf7 58. Rb6+ Kg7 59. Kd5 Nh6 60. Ke5 Nf5 61. h5
$1 Nh4 62. Rb4 Nf3+ 63. Kf4 Ne1 64. Ke4 gxh5 65. Rb2 $1 1-0

[Event "EU-chT (Men) 13th"]
[Site "Leon"]
[Date "2001.11.10"]
[Round "5.3"]
[White "Bischoff, Klaus"]
[Black "Mamedyarov, Shakhriyar"]
[Result "1-0"]
[WhiteElo "2541"]
[BlackElo "2503"]
[Annotator "Ribli,Z"]
[PlyCount "125"]
[EventDate "2001.11.06"]
[EventType "team-swiss"]
[EventRounds "9"]
[EventCountry "ESP"]
[SourceTitle "CBM 086"]
[Source "ChessBase"]
[SourceDate "2002.02.05"]
[SourceVersion "1"]
[SourceVersionDate "2002.02.05"]
[SourceQuality "1"]
[WhiteTeam "Germany"]
[BlackTeam "Azerbaijan"]
[WhiteTeamCountry "GER"]
[BlackTeamCountry "AZE"]

1. c4 e5 2. Nc3 Nc6 3. g3 g6 4. Bg2 Bg7 5. e4 {Dieser Aufbau ist in jüngster
Zeit sehr beliebt. Weiß schwächt freiwillig das Feld d4, gewinnt dafür aber
die Kontrolle über das Feld d5 und bekommt eine sehr massive Stellung.} d6 6.
Nge2 Nge7 7. d3 O-O (7... Nd4 {In dieser Variante kontrolliert Schwarz das
Feld d4, aber dieser Springerzug kommt hier nicht im richtigen Moment. Denn
wenn Weiß den Springer schlägt, muss Schwarz mit dem Bauern zurückschlagen,
und danach ist das Feld d4 keine Schwäche mehr.} 8. Nxd4 exd4 9. Ne2 c6 10. O-O
O-O 11. h3 Be6 12. b3 $14) 8. O-O Bg4 {Damit provoziert Schwarz den Zug f2 -
f3. In der Mehrzahl der Varianten ist die Fortsetzung f2 - f3 allerdings
nützlich für Weiß.} (8... f5) (8... Be6) 9. f3 $5 (9. h3 Bxe2 10. Nxe2 f5 (
10... Qd7 11. Be3 Nd4 12. f4 Rab8 13. Bxd4 exd4 14. g4 b5 15. f5 Be5 {0-1
Holmsgaard,H-Jensen,J/Aalborg 1994/EXT 98 (31)}) 11. exf5 Nxf5 12. Nc3 Rb8 13.
Rb1 a6 14. b4 Ncd4 15. a4 c6 16. a5 Qc7 17. Ne4 Rbe8 18. h4 Kh8 19. Bb2 Ne6 20.
Ng5 {1-0 Psakhis,L-Tiggelman,R/Vlissingen 2000/CBM 77 ext (41)}) 9... Be6 10.
Nd5 {[%csl Gd5] Weiß hat einen wirklich starken Springerposten auf d5.} f5 (
10... Qd7 11. Be3 (11. Bg5 f5 12. Qd2 Rf7 13. Rae1 Raf8 14. b3 Nc8 15. b4 $6
N6e7 16. b5 c6 17. bxc6 bxc6 18. Nxe7+ Nxe7 $11 19. f4 $6 (19. Nc3 $142 $11)
19... fxe4 20. Bxe4 Bh3 $15 {0-1 Mecking,H-Vescovi,G/Sao Paulo 2000/CBM 79/
[Ribli] (42)}) 11... Bxd5 12. cxd5 Nd4 13. Nxd4 exd4 14. Bf2 c5 15. dxc6 bxc6
16. Qa4 Rab8 17. Bxd4 Bxd4+ 18. Qxd4 c5 19. Qc3 Nc6 20. f4 {1-0 Demeter,
P-Zacka,L/SVK 1998/EXT 2000 (34)}) 11. Be3 {Das ist interessant: Weiß spielt
auf das Feld d5, Schwarz auf das Feld d4. Aber Schwarz kann nicht, oder
zumindest nicht so gut Nd4 ziehen.} Qd7 (11... Bxd5 $2 12. cxd5 Nd4 13. Bxd4
exd4 14. Nf4 $16 {[%csl Ye6]}) (11... Nd4 12. Nxd4 exd4 13. Bg5 Bxd5 14. cxd5
$14 {[%cal Ga1c1,Gc1c7]}) 12. Qd2 Rf7 (12... Rae8 13. Rae1 Nc8 14. b3 Nd8 15.
exf5 Bxf5 16. d4 Nf7 17. dxe5 Nxe5 18. Nd4 {1-0 Sunye Neto,J-Kindermann,S/
Dubai 1986/TD (40)}) 13. Rad1 {Dieser Zug ist nicht schlecht, aber die
Alternative - 13.Rae1 - scheint mir logischer, denn es ist wahrscheinlich,
dass in der Folge die e - Linie geöffnet werden wird.} (13. Rae1) 13... Raf8
14. b3 $14 {Weiß festigt seine Bauernstellung. Nach etwas Vorbereitung kann er
d3 - d4 spielen, denn der Pc4 ist bereits verteidigt.} Nc8 {Schwarz folgt
einer typischen Strategie - der Ne7 zieht weg, und nach Nd8 droht Schwarz die
Vertreibung des Nd5 mit c7 - c6.} (14... fxe4 15. dxe4 $14 {[%cal Gd1d7]}) 15.
Kh1 (15. exf5 gxf5 (15... Bxf5 16. d4 $14 (16. f4 Bg4 $13)) 16. f4 $14) 15...
Nd8 16. Ndc3 $5 {[%mdl 32] Weiß wartet nicht auf c7 - c6,, sondern zieht
seinen Springer von selbst zurück. Nun droht er d3 - d4.} c5 (16... c6 17. d4
$36) 17. exf5 Bxf5 (17... gxf5 18. f4 $14) 18. g4 $5 {Weiß verjagt den Bf5 und
möchte erst später f3 - f4 spielen.} (18. f4 $14) 18... Be6 19. Ne4 {[%cal
Ge4g5,Gg5e6,Gg5f7] Es droht 20.Ng5, was Weiß das Läuferpaar verschaffen würde.
Schwarz kann nicht h7 - h6 ziehen.} Ne7 (19... Re7 $5) 20. Ng5 Rf6 21. Ne4 (21.
h3) 21... R6f7 22. Ng5 Rf6 23. h3 $1 {Natürlich gibt sich Weiß nicht mit
Zugwiederholung zufrieden - er bereitet f3 - f4 vor, wodurch die Diagonale des
Bg2 geöffnet wird.} Nec6 24. f4 {[%cal Gg2d5]} Nd4 (24... exf4 25. Nxf4 $16 {
Die weißen Figuren stehen ausgezeichnet.}) 25. Nc3 $5 {[%cal Gc3d5]} (25. Bxd4
exd4 26. Ng3 $14) 25... exf4 $6 {Schwarz hat hier in der tat schon
Schwierigkeiten. Der Textzug verliert jedoch Material.} (25... Re8 26. Nd5 Rff8
27. Bxd4 exd4 28. Rde1 $14) 26. Bxd4 cxd4 27. Nd5 (27. Nce4 $16 {[%csl Rf6]})
27... Bxd5 28. Bxd5+ Kh8 29. Ne4 $16 {[%csl Rf6] Schwarz muss die Qualität
geben.} g5 30. Nxf6 (30. Nxg5 Nc6 $14) 30... Bxf6 31. Rde1 Kg7 (31... Be5 32.
b4 $16) 32. Qe2 {[%cal Ge1e8]} Rh8 {[%cal Gh7h5]} (32... Be5 33. Qf3 Nc6 34. a3
a5 35. Re2 $16) 33. Kg2 {Weiß verbessert seine Königsstellung - auf 33...h5
kann Weiß einfach mit 34.gxh5 antworten.} Nc6 {[%cal Gc6e5]} 34. Bxc6 {Weiß
entfernt den Springer, sonst folgt Ne5 mit Chancen auf Gegenspiel.} Qxc6+ (
34... bxc6 35. Qe6 $16) 35. Qf3 Qxf3+ 36. Kxf3 {Schwarz hat nur einen Bauern
für die Qualität, zudem hat er einen Doppelbauern auf der d - Linie. Weiß
hingegen kontrolliert die einzige offene Linie.} h5 37. Rh1 a5 38. Ke4 {
[%csl Ge4] Der König kann entweder über f5 oder über d5 eindringen.} b6 39. Kf5
(39. Kd5 $16) 39... h4 (39... Rf8 40. gxh5 Be5+ 41. Kg4 f3 42. Re4 f2 43. Rf1
$18) 40. Ke4 $1 (40. Re6 Rf8 41. Ke4 Be5 42. Rf1 $16) 40... Re8+ 41. Kd5 Re3 {
Es hat den Anschein, als sollte Schwarz jetzt etwas erreichen können. Aber
Weiß hat gut gerechnet.} 42. Rxe3 dxe3 (42... fxe3 $2 43. Kxd6 $18) 43. d4 {
[%mdl 4096] Schwarz hat eine nur scheinbar starke Bauernkette, in Wirklichkeit
kommen die Bauern nicht zur Geltung. So kann Weiß seine Mehrheit am
Damenflügel verwerten.} Kf7 (43... f3 $2 44. Ke4 $18 {[%csl Re3,Rf3]}) 44. Rb1
(44. Kxd6 $4 f3 $19) 44... Ke7 45. a3 Kd7 46. b4 a4 (46... axb4 47. axb4 $18 {
[%cal Gb1a1,Ga1a7]}) 47. Ke4 (47. b5 e2 48. Ke4 f3 49. Kxf3 Bxd4 50. Kxe2 Bc5
51. Ra1 $18) 47... Kc6 48. b5+ Kc7 49. Kd3 Kb7 50. Rb4 {[%csl Ra4] Weiß
gewinnt den Pa4.} Bg7 51. d5 (51. Rxa4 $2 Bxd4 $132) 51... Be5 52. Rxa4 Bd4 53.
Ke2 (53. Kxd4 $4 e2 $19) 53... Bc3 54. Ra6 Ba5 55. a4 Bb4 (55... Kb8 56. c5 $1
$18) 56. Kf3 Bc3 (56... Bc5 57. a5 $18) 57. Ke2 (57. c5 $1 $18) 57... Bb4 58.
Kd3 Ba5 59. Ke2 Bb4 60. Kf3 Bc3 61. c5 $1 $18 {Dieser Durchbruch gewinnt
leicht.} dxc5 62. d6 Ba5 63. Ra8 $1 1-0